[Event "URU-chT2"]
[Site "Montevideo"]
[Date "2023.07.22"]
[Round "2.1"]
[White "Salguero, Rafael"]
[Black "Dotta, Gian Franco"]
[Result "1-0"]
[WhiteElo "1887"]
[BlackElo "2024"]
[PlyCount "107"]
[EventDate "2023.07.21"]
[EventType "team-tourn"]
[EventRounds "5"]
[EventCountry "URU"]
[SourceTitle "EXT 2024"]
[Source "ChessBase"]
[SourceDate "2023.10.10"]
[SourceVersion "1"]
[SourceVersionDate "2023.10.10"]
[SourceQuality "1"]
[WhiteTeam "Trebejos III"]
[BlackTeam "Cerro Nau64"]
[WhiteTeamCountry "URU"]
[BlackTeamCountry "URU"]

1. d4 Nf6 2. c4 e6 3. Nc3 d5 4. cxd5 exd5 5. Bg5 c6 6. e3 Be7 7. Bd3 Nbd7 8. Nge2 h6 9. Bh4 Nh5 10. Bxe7 Qxe7 11. Qc2 Nb6 12. 0-0-0 Bd7 13. Kb1 0-0-0 14. Rc1 Kb8 15. Na4 Nxa4 16. Qxa4 Qg5 17. Ng3 Nxg3 18. hxg3 Bf5 19. Rhd1 Bxd3+ 20. Rxd3 Qf5 21. Qc2 Qe4 22. Rb3 Qxc2+ 23. Kxc2 h5 24. Kd3 Rd6 25. Rbc3 Rg6 26. Rh1 h4 27. Rh2 Rg4 28. Rc1 Rh6 29. gxh4 Rgxh4 30. Rxh4 Rxh4 31. Ke2 Kc7 32. g3 Rh2 33. Kf3 a5 34. a4 Kd6 35. g4 Rh8 36. Kf4 b5 37. b3 bxa4 38. bxa4 Rb8 39. Rc5 Ra8 40. Kf5 Kc7 41. g5 Kd7 42. g6 f6 43. Kg4 Kc7 44. f4 Kb6 45. Rc3 Re8 46. Kf5 Kc7 47. Rb3 Re4 48. Rc3 Kd6 49. Rc5 Rxe3 50. Rxa5 Re7 51. Ra8 Kd7 52. a5 Kd6 53. a6 c5 54. a7 1-0

[Event "Montevideo Trebejos op 05"]
[Site "Montevideo"]
[Date "2022.05.23"]
[Round "4"]
[White "Ramos Correa, Gabriel"]
[Black "Dotta, Gian Franco"]
[Result "0-1"]
[WhiteElo "1821"]
[BlackElo "1975"]
[PlyCount "64"]
[EventDate "2022.05.13"]
[EventType "swiss"]
[EventRounds "6"]
[EventCountry "URU"]
[SourceTitle "EXT 2024"]
[Source "ChessBase"]
[SourceDate "2023.10.10"]
[SourceVersion "1"]
[SourceVersionDate "2023.10.10"]
[SourceQuality "1"]

1. d4 Nf6 2. c4 e6 3. Nf3 d5 4. Nc3 Be7 5. Bg5 h6 6. Bxf6 Bxf6 7. e3 0-0 8. Rc1 c6 9. Bd3 Nd7 10. 0-0 dxc4 11. Bxc4 e5 12. h3 exd4 13. exd4 Nb6 14. Bb3 Bf5 15. Re1 Bg5 16. Nxg5 Qxg5 17. Qf3 Rad8 18. Rcd1 Bg6 19. Re5 Qh4 20. Qe3 Rd7 21. a4 Rfd8 22. a5 Nd5 23. Nxd5 cxd5 24. Re8+ Kh7 25. Rc1 Rxe8 26. Qxe8 Re7 27. Qb5 Qxd4 28. Qxd5 Qxb2 29. Rc8 Re1+ 30. Kh2 Qxf2 31. Qf3 Qg1+ 32. Kg3 Re3 0-1

[Event "URU-ch sf"]
[Site "Montevideo"]
[Date "2020.02.23"]
[Round "4"]
[White "Dotta, Gian Franco"]
[Black "Granara Barreto, Sebastian A"]
[Result "0-1"]
[WhiteElo "2000"]
[BlackElo "2132"]
[PlyCount "60"]
[EventDate "2020.02.21"]
[EventType "swiss"]
[EventRounds "8"]
[EventCountry "URU"]
[SourceTitle "CBM 195 Extra"]
[Source "ChessBase"]
[SourceDate "2020.05.31"]
[SourceVersion "1"]
[SourceVersionDate "2020.05.31"]
[SourceQuality "1"]

1. e4 c6 2. d4 d5 3. exd5 cxd5 4. Bd3 Nc6 5. c3 g6 6. Bf4 Bg7 7. Nf3 Nf6 8. h3 0-0 9. 0-0 Nh5 10. Bg5 Qd6 11. Qd2 f6 12. Be3 e5 13. dxe5 fxe5 14. Bc4 Be6 15. Ng5 Na5 16. Bb3 Nxb3 17. axb3 a6 18. Bc5 Qxc5 19. Nxe6 Qc6 20. Nxf8 Rxf8 21. Na3 d4 22. Qe2 Kh8 23. Qc4 Qf6 24. Qc7 b5 25. cxd4 exd4 26. Rad1 Nf4 27. Nc2 Qg5 28. g3 Nxh3+ 29. Kh2 Be5 30. Qc6 Rxf2+ 0-1

[Event "URU-ch sf"]
[Site "Montevideo"]
[Date "2020.02.23"]
[Round "5"]
[White "Ramirez, Agustin"]
[Black "Dotta, Gian Franco"]
[Result "0-1"]
[WhiteElo "1715"]
[BlackElo "2000"]
[PlyCount "58"]
[EventDate "2020.02.21"]
[EventType "swiss"]
[EventRounds "8"]
[EventCountry "URU"]
[SourceTitle "CBM 195 Extra"]
[Source "ChessBase"]
[SourceDate "2020.05.31"]
[SourceVersion "1"]
[SourceVersionDate "2020.05.31"]
[SourceQuality "1"]

1. e4 c5 2. Nf3 d6 3. d4 cxd4 4. Nxd4 Nf6 5. Nc3 a6 6. Be3 e5 7. Nde2 Ng4 8. Qd2 Nxe3 9. Qxe3 Be6 10. 0-0-0 Be7 11. Kb1 0-0 12. f4 Nd7 13. f5 Bc4 14. g4 Rc8 15. Nd5 Bxd5 16. exd5 Bg5 17. Qf2 Nf6 18. h4 Ne4 19. Qf3 Nd2+ 20. Rxd2 Bxd2 21. Ng3 Qb6 22. Bd3 Bc3 23. b3 Qb4 24. Ne4 Bd4 25. Qd1 Rc5 26. Nxc5 Qc3 27. Kc1 Bxc5 28. Qf3 Bb4 29. f6 Qa1# 0-1

[Event "Montevideo Duchamp Cup 4th"]
[Site "Montevideo"]
[Date "2020.02.11"]
[Round "5"]
[White "Dotta, Gian Franco"]
[Black "Larrea, Manuel"]
[Result "0-1"]
[WhiteElo "2000"]
[BlackElo "2243"]
[PlyCount "100"]
[EventDate "2020.02.08"]
[EventType "swiss"]
[EventRounds "9"]
[EventCountry "URU"]
[SourceTitle "CBM 194 Extra"]
[Source "ChessBase"]
[SourceDate "2020.03.31"]
[SourceVersion "1"]
[SourceVersionDate "2020.03.31"]
[SourceQuality "1"]

1. e4 c5 2. Nf3 Nc6 3. d4 cxd4 4. Nxd4 Nf6 5. Nc3 d6 6. Bg5 e6 7. Qd2 Be7 8. 0-0-0 a6 9. f4 Nxd4 10. Qxd4 b5 11. Bxf6 gxf6 12. e5 d5 13. Be2 f5 14. Bf3 Bb7 15. g4 fxg4 16. Bxg4 Rc8 17. Qd3 Rc4 18. Rhf1 Bc5 19. Qh3 b4 20. Na4 Ba7 21. Be2 Re4 22. Bd3 Re3 23. Rf3 Rxf3 24. Qxf3 Bc6 25. b3 Bxa4 26. bxa4 Qh4 27. f5 Qxh2 28. Bxa6 Qxe5 29. Bb5+ Ke7 30. fxe6 Qe3+ 31. Qxe3 Bxe3+ 32. Kb2 fxe6 33. Kb3 Bc5 34. a5 h5 35. Rh1 h4 36. Rh3 Kf6 37. Ka4 Kg5 38. Bd7 Rh6 39. Kb5 Bg1 40. Rh1 Be3 41. Re1 Kf4 42. a6 e5 43. Bc6 Rd6 44. Rxe3 Kxe3 45. a7 Rd8 46. a8Q Rxa8 47. Bxa8 Kd4 48. Kxb4 h3 49. c3+ Ke3 50. Bxd5 e4 0-1

[Event "Montevideo Duchamp Cup 4th"]
[Site "Montevideo"]
[Date "2020.02.08"]
[Round "1"]
[White "Dotta, Gian Franco"]
[Black "Silvera, Pilar"]
[Result "1-0"]
[WhiteElo "2000"]
[BlackElo "1356"]
[PlyCount "55"]
[EventDate "2020.02.08"]
[EventType "swiss"]
[EventRounds "9"]
[EventCountry "URU"]
[SourceTitle "CBM 194 Extra"]
[Source "ChessBase"]
[SourceDate "2020.03.31"]
[SourceVersion "1"]
[SourceVersionDate "2020.03.31"]
[SourceQuality "1"]

1. e4 c5 2. Nf3 d6 3. d4 cxd4 4. Nxd4 Nf6 5. Nc3 g6 6. Be3 Bg7 7. f3 0-0 8. Qd2 Nc6 9. Bc4 Bd7 10. 0-0-0 Rc8 11. Bb3 Ne5 12. h4 h5 13. Bg5 Rc5 14. Kb1 b5 15. g4 hxg4 16. h5 Nxh5 17. Nd5 Rxd5 18. Bxd5 gxf3 19. Rxh5 gxh5 20. Qh2 Bg4 21. Rg1 Qd7 22. Qf4 a6 23. Nf5 Ng6 24. Qh2 Be5 25. Qd2 Qc7 26. Nh6+ Kg7 27. Nxg4 hxg4 28. Bh6+ 1-0

[Event "Montevideo zt 2.5"]
[Site "Montevideo"]
[Date "2019.04.16"]
[Round "6"]
[White "Carvalho, Guillermo"]
[Black "Dotta, Gian Franco"]
[Result "1/2-1/2"]
[WhiteElo "2194"]
[BlackElo "1959"]
[PlyCount "103"]
[EventDate "2019.04.13"]
[EventType "swiss"]
[EventRounds "9"]
[EventCountry "URU"]
[SourceTitle "CBM 189 Extra"]
[Source "ChessBase"]
[SourceDate "2019.06.03"]
[SourceVersion "1"]
[SourceVersionDate "2019.06.03"]
[SourceQuality "1"]

1. c4 Nf6 2. Nc3 g6 3. e4 d6 4. g3 Bg7 5. Bg2 0-0 6. Nge2 c5 7. 0-0 Nc6 8. d3 a6 9. Rb1 Rb8 10. a3 b5 11. cxb5 axb5 12. b4 cxb4 13. axb4 Bg4 14. h3 Bxe2 15. Nxe2 d5 16. Qb3 dxe4 17. dxe4 e5 18. Rd1 Qe7 19. Be3 Rfd8 20. Bc5 Qc7 21. Qe3 Rxd1+ 22. Rxd1 Rd8 23. Rxd8+ Qxd8 24. Nc3 Nd4 25. Qd3 Qd7 26. Bf1 Bf8 27. Nxb5 Nxb5 28. Qxd7 Nxd7 29. Bxf8 Kxf8 30. Bxb5 Ke7 31. Kf1 Nb6 32. Ke2 Kd6 33. Bd3 Na4 34. Kd2 Nb6 35. h4 Nd7 36. Ke3 Nb6 37. Kd2 Nd7 38. Kc3 Nb6 39. Bc4 f6 40. Bd3 Kc6 41. Kd2 Kd6 42. Ke3 Nd7 43. Bb5 Nb6 44. f4 Ke6 45. g4 exf4+ 46. Kxf4 h6 47. g5 hxg5+ 48. hxg5 fxg5+ 49. Kxg5 Ke5 50. Bc6 Nc8 51. b5 Na7 52. Kxg6 1/2-1/2

[Event "Montevideo zt 2.5"]
[Site "Montevideo"]
[Date "2019.04.16"]
[Round "5"]
[White "Elters, Antoine"]
[Black "Dotta, Gian Franco"]
[Result "1-0"]
[WhiteElo "2181"]
[BlackElo "1959"]
[PlyCount "71"]
[EventDate "2019.04.13"]
[EventType "swiss"]
[EventRounds "9"]
[EventCountry "URU"]
[SourceTitle "CBM 189 Extra"]
[Source "ChessBase"]
[SourceDate "2019.06.03"]
[SourceVersion "1"]
[SourceVersionDate "2019.06.03"]
[SourceQuality "1"]

1. e4 e6 2. d4 d5 3. Nd2 Nf6 4. Bd3 c5 5. exd5 Qxd5 6. Ngf3 cxd4 7. Bc4 Qd8 8. Nb3 Nc6 9. 0-0 Be7 10. Nbxd4 Nxd4 11. Nxd4 0-0 12. c3 Qc7 13. Qe2 b6 14. Bg5 Bb7 15. Rfe1 Kh8 16. Bd3 Rfd8 17. Rad1 Qc5 18. Bh4 Qd5 19. f3 Qh5 20. Bg3 Bc5 21. Bc2 Nd5 22. Kh1 Rac8 23. Be4 Ba8 24. Qa6 Ne7 25. Qxa7 Bxe4 26. fxe4 b5 27. Qb7 b4 28. Nf3 bxc3 29. bxc3 Ng8 30. Rxd8 Rxd8 31. Ne5 Nh6 32. Qc7 Rd1 33. Qxc5 Rxe1+ 34. Bxe1 f6 35. Qf8+ Ng8 36. Nf7+ 1-0

[Event "Montevideo zt 2.5"]
[Site "Montevideo"]
[Date "2019.04.14"]
[Round "3"]
[White "Curi, Gabriel"]
[Black "Dotta, Gian Franco"]
[Result "1-0"]
[WhiteElo "2202"]
[BlackElo "1959"]
[PlyCount "45"]
[EventDate "2019.04.13"]
[EventType "swiss"]
[EventRounds "9"]
[EventCountry "URU"]
[SourceTitle "CBM 189 Extra"]
[Source "ChessBase"]
[SourceDate "2019.06.03"]
[SourceVersion "1"]
[SourceVersionDate "2019.06.03"]
[SourceQuality "1"]

1. e4 e6 2. d4 d5 3. exd5 exd5 4. Nf3 Bd6 5. c4 Nf6 6. Nc3 dxc4 7. Bxc4 0-0 8. 0-0 Bg4 9. h3 Bh5 10. g4 Bg6 11. Ne5 c5 12. Nxg6 hxg6 13. dxc5 Bxc5 14. Bxf7+ Kxf7 15. Qb3+ Ke8 16. Re1+ Be7 17. Bf4 Rf7 18. Nb5 Kf8 19. Nc7 Qc8 20. Ne6+ Ke8 21. Ng5 Rf8 22. Rxe7+ Kxe7 23. Qb4+ 1-0

[Event "URU-ch sf"]
[Site "Montevideo"]
[Date "2019.03.05"]
[Round "7"]
[White "Dotta, Gian Franco"]
[Black "Carvalho, Guillermo"]
[Result "0-1"]
[WhiteElo "1951"]
[BlackElo "2214"]
[PlyCount "44"]
[EventDate "2019.03.01"]
[EventType "swiss"]
[EventRounds "8"]
[EventCountry "URU"]
[SourceTitle "CBM 189 Extra"]
[Source "ChessBase"]
[SourceDate "2019.06.03"]
[SourceVersion "1"]
[SourceVersionDate "2019.06.03"]
[SourceQuality "1"]

1. e4 Nf6 2. Nc3 e5 3. Nf3 Nc6 4. d4 Bb4 5. Bg5 h6 6. dxe5 hxg5 7. exf6 Qxf6 8. Qd3 g4 9. Nd2 Bxc3 10. Qxc3 Qxc3 11. bxc3 d6 12. Nb3 Bd7 13. c4 b6 14. Rd1 0-0-0 15. Bd3 Rh6 16. Nd2 Rdh8 17. Nf1 Ne5 18. Kd2 Be6 19. Kc3 a5 20. Rb1 Rf6 21. f3 gxf3 22. g3 Bh3 0-1

[Event "URU-ch sf"]
[Site "Montevideo"]
[Date "2019.03.04"]
[Round "6"]
[White "Vazquez, Facundo"]
[Black "Dotta, Gian Franco"]
[Result "1/2-1/2"]
[WhiteElo "2037"]
[BlackElo "1951"]
[PlyCount "77"]
[EventDate "2019.03.01"]
[EventType "swiss"]
[EventRounds "8"]
[EventCountry "URU"]
[SourceTitle "CBM 189 Extra"]
[Source "ChessBase"]
[SourceDate "2019.06.03"]
[SourceVersion "1"]
[SourceVersionDate "2019.06.03"]
[SourceQuality "1"]

1. d4 Nf6 2. c4 g6 3. Nf3 Bg7 4. g3 0-0 5. Bg2 d6 6. 0-0 Nbd7 7. Nc3 e5 8. e4 h6 9. h3 Nh7 10. Be3 Ng5 11. Nxg5 hxg5 12. d5 f5 13. exf5 gxf5 14. Qh5 g4 15. hxg4 Nf6 16. Qg6 Nxg4 17. Bg5 Nf6 18. Bh3 Qe8 19. Qxe8 Nxe8 20. Rfe1 Nf6 21. Rad1 Bd7 22. f4 Ng4 23. Bxg4 fxg4 24. Kg2 Rae8 25. Re3 exf4 26. Bxf4 Bf5 27. Rde1 Bxc3 28. Rxe8 Bxe1 29. Rxe1 Kf7 30. Kf2 Rh8 31. Ke3 Re8+ 32. Kd2 Rxe1 33. Kxe1 Bb1 34. Kd2 Bxa2 35. Kc3 Ke7 36. b3 Bb1 37. Kd4 Kd7 38. b4 b6 39. Bd2 1/2-1/2

[Event "Montevideo Duchamp Cup 3rd"]
[Site "Montevideo"]
[Date "2019.02.16"]
[Round "9"]
[White "Dotta, Gian Franco"]
[Black "Guerrero, Alvaro"]
[Result "1/2-1/2"]
[WhiteElo "1896"]
[BlackElo "2096"]
[PlyCount "66"]
[EventDate "2019.02.09"]
[EventType "swiss"]
[EventRounds "9"]
[EventCountry "URU"]
[SourceTitle "CBM 188 Extra"]
[Source "ChessBase"]
[SourceDate "2019.02.26"]
[SourceVersion "1"]
[SourceVersionDate "2019.02.26"]
[SourceQuality "1"]

1. e4 c6 2. d4 d5 3. e5 Bf5 4. Nc3 e6 5. g4 Bg6 6. Nge2 Qh4 7. Be3 h5 8. Nf4 Ne7 9. Ng2 Qxg4 10. f3 Qf5 11. Rc1 h4 12. Nf4 h3 13. Rg1 Rh4 14. Bd3 Rxf4 15. Bxf5 Rxf5 16. Rg5 Nd7 17. Rxf5 Nxf5 18. Kd2 0-0-0 19. Ne2 c5 20. c4 dxc4 21. Bf4 Nb6 22. Ke1 Nxd4 23. Nxd4 Rxd4 24. Bd2 Be7 25. f4 Bh4+ 26. Kf1 Bd3+ 27. Kg1 g5 28. Be3 Re4 29. Bxc5 Be2 30. Qd6 Rxf4 31. Qf8+ Kd7 32. Qd6+ Kc8 33. Qf8+ Kd7 1/2-1/2

[Event "Montevideo Duchamp Cup 3rd"]
[Site "Montevideo"]
[Date "2019.02.13"]
[Round "6"]
[White "Coro, Lucas"]
[Black "Dotta, Gian Franco"]
[Result "1-0"]
[WhiteElo "2284"]
[BlackElo "1896"]
[PlyCount "95"]
[EventDate "2019.02.09"]
[EventType "swiss"]
[EventRounds "9"]
[EventCountry "URU"]
[SourceTitle "CBM 188 Extra"]
[Source "ChessBase"]
[SourceDate "2019.02.26"]
[SourceVersion "1"]
[SourceVersionDate "2019.02.26"]
[SourceQuality "1"]

1. d4 Nf6 2. c4 g6 3. Nf3 Bg7 4. g3 d6 5. Bg2 0-0 6. 0-0 Nbd7 7. Nc3 e5 8. e4 h6 9. h3 Nh7 10. Be3 Ng5 11. Ne1 exd4 12. Bxd4 Bxd4 13. Qxd4 Ne5 14. f4 Ne6 15. Qf2 Nxc4 16. Rd1 c6 17. b3 Nb6 18. f5 Ng5 19. h4 Nh7 20. Qf4 g5 21. Qxd6 Qxd6 22. Rxd6 Kg7 23. Nf3 Re8 24. Bh3 g4 25. Bxg4 Nf6 26. Bh3 Nxe4 27. Nxe4 Rxe4 28. Rd8 Kf6 29. Rd6+ Kg7 30. Kf2 Nd5 31. Re1 Nf6 32. Rd8 Rxe1 33. Kxe1 b6 34. Nd4 Bb7 35. Rxa8 Bxa8 36. Bg2 Nd5 37. Bxd5 cxd5 38. Kf2 Kf6 39. g4 Ke5 40. Ke3 Bb7 41. Nf3+ Kd6 42. Kd4 f6 43. g5 fxg5 44. hxg5 hxg5 45. Nxg5 a5 46. f6 Bc6 47. f7 Ke7 48. Ne6 1-0

[Event "Montevideo Duchamp Cup 3rd"]
[Site "Montevideo"]
[Date "2019.02.11"]
[Round "4"]
[White "Dotta, Gian Franco"]
[Black "Coppola, Claudio"]
[Result "1/2-1/2"]
[WhiteElo "1896"]
[BlackElo "2209"]
[PlyCount "69"]
[EventDate "2019.02.09"]
[EventType "swiss"]
[EventRounds "9"]
[EventCountry "URU"]
[SourceTitle "CBM 188 Extra"]
[Source "ChessBase"]
[SourceDate "2019.02.26"]
[SourceVersion "1"]
[SourceVersionDate "2019.02.26"]
[SourceQuality "1"]

1. e4 c5 2. Nf3 d6 3. d4 cxd4 4. Nxd4 Nf6 5. Nc3 g6 6. Be3 Bg7 7. f3 0-0 8. Qd2 Nc6 9. Bc4 Bd7 10. 0-0-0 Rc8 11. Bb3 Ne5 12. h4 h5 13. Bg5 Rc5 14. Kb1 Re8 15. Bh6 Nc4 16. Bxc4 Rxc4 17. Bxg7 Kxg7 18. g4 hxg4 19. h5 Rh8 20. hxg6 fxg6 21. f4 e5 22. Nde2 Rxh1 23. Rxh1 Nxe4 24. Nxe4 Rxe4 25. fxe5 Rxe2 26. Qh6+ Kf7 27. Qh7+ Ke6 28. Qxg6+ Kxe5 29. Rh5+ Kf4 30. Qxd6+ Kf3 31. Qd3+ Re3 32. Qf1+ Ke4 33. Qc4+ Kf3 34. Qf1+ Ke4 35. Qc4+ 1/2-1/2

[Event "Montevideo Trebejos Verano op"]
[Site "Montevideo"]
[Date "2019.01.21"]
[Round "2"]
[White "Dotta, Gian Franco"]
[Black "Lopez Falcon, Jorge"]
[Result "0-1"]
[WhiteElo "1896"]
[BlackElo "2098"]
[PlyCount "112"]
[EventDate "2019.01.18"]
[EventType "swiss"]
[EventRounds "7"]
[EventCountry "URU"]
[SourceTitle "CBM 188 Extra"]
[Source "ChessBase"]
[SourceDate "2019.02.26"]
[SourceVersion "1"]
[SourceVersionDate "2019.02.26"]
[SourceQuality "1"]

1. e4 c5 2. Nf3 Nc6 3. d4 cxd4 4. Nxd4 g6 5. Nc3 Bg7 6. Be3 Nf6 7. Bc4 0-0 8. Bb3 a5 9. 0-0 a4 10. Nxa4 Nxe4 11. Nb5 d6 12. Nb6 Ra5 13. Nxc8 Qxc8 14. Nd4 Qc7 15. Re1 d5 16. c3 e6 17. Bc2 Nf6 18. Bd3 Ne5 19. Bf4 Nh5 20. Be3 Nc4 21. Bxc4 Qxc4 22. Nb3 Raa8 23. Bd4 Nf6 24. Qe2 Qxe2 25. Rxe2 Rfc8 26. Nc5 b6 27. Nd3 Nd7 28. Bxg7 Kxg7 29. Kf1 Nc5 30. Nc1 Rc7 31. Ke1 Kf6 32. Kd1 Na4 33. Nd3 Nc5 34. Nb4 d4 35. cxd4 Nb3 36. Rb1 Nxd4 37. Rd2 Rd8 38. Rc1 Rcd7 39. Rd3 e5 40. Nc6 Nb3 41. Kc2 Rxd3 42. axb3 R8d7 43. Re1 Rd2+ 44. Kc3 Rxf2 45. Nxe5 Rc7+ 46. Kb4 Rxg2 47. Nc4 Rxh2 48. Kb5 h5 49. Nxb6 Rb7 50. Rb1 Rh3 51. b4 Rb3 52. Kc4 Rxb4+ 53. Kxb4 Rxb6+ 54. Kc4 h4 55. b4 g5 56. Kc5 Rb8 0-1

[Event "Montevideo Duchamp Cup 2nd"]
[Site "Montevideo"]
[Date "2018.02.03"]
[Round "2"]
[White "Dotta, Gian Franco"]
[Black "Rouiller, Cristopher"]
[Result "1-0"]
[WhiteElo "1886"]
[BlackElo "1624"]
[PlyCount "33"]
[EventDate "2018.02.02"]
[EventType "swiss"]
[EventRounds "9"]
[EventCountry "URU"]
[SourceTitle "CBM 182 Extra"]
[Source "ChessBase"]
[SourceDate "2018.02.23"]
[SourceVersion "1"]
[SourceVersionDate "2018.02.23"]
[SourceQuality "1"]

1. e4 d5 2. exd5 Qxd5 3. Nc3 Qa5 4. d4 c6 5. Bd3 e6 6. Nf3 h6 7. 0-0 Nf6 8. Ne5 Nbd7 9. f4 Qb6 10. Kh1 Qxd4 11. Nxf7 Rg8 12. Nxh6 Qb6 13. Nxg8 Nxg8 14. Bg6+ Kd8 15. Bf7 Ngf6 16. Bxe6 Kc7 17. f5 1-0